|
|
|
|
| LEADER |
00000nam0a2200000 4500 |
| 001 |
165668 |
| 005 |
20231101222553.0 |
| 010 |
|
|
|a 9785406000748
|
| 035 |
|
|
|a (RuTPU)RU\TPU\book\179710
|
| 090 |
|
|
|a 165668
|
| 100 |
|
|
|a 20090921d2010 m y0rusy50 ca
|
| 101 |
0 |
|
|a rus
|
| 102 |
|
|
|a RU
|
| 105 |
|
|
|a y j 001zy
|
| 200 |
1 |
|
|a Банковское дело: розничный бизнес
|e учебное пособие
|f под ред. Г. Н. Белоглазовой, Л. П. Кроливецкой
|
| 210 |
|
|
|a Москва
|c КноРус
|d 2010
|
| 215 |
|
|
|a 416 с.
|
| 320 |
|
|
|a Библиогр.: с. 371-372.
|
| 330 |
|
|
|a Раскрываются содержание и особенности организации розничного банковского бизнеса, рассматриваются основные виды услуг для розничных клиентов, тенденции их развития в России. Подробно характеризуется маркетинговая политика банка на рынке розничных услуг, основное внимание уделяется каналам продвижения банковских продуктов и механизмам стимулирования их сбыта. Рассматриваются также психологические аспекты работы банка с розничными клиентами.
|
| 606 |
1 |
|
|a Банковское дело
|2 stltpush
|3 (RuTPU)RU\TPU\subj\35903
|9 84550
|
| 610 |
1 |
|
|a экономика
|
| 610 |
1 |
|
|a финансы
|
| 610 |
1 |
|
|a банки
|
| 610 |
1 |
|
|a банковские услуги
|
| 610 |
1 |
|
|a розничный бизнес
|
| 610 |
1 |
|
|a розничные услуги
|
| 610 |
1 |
|
|a безналичные расчеты
|
| 610 |
1 |
|
|a платежные карты
|
| 610 |
1 |
|
|a расчетные операции
|
| 610 |
1 |
|
|a банковские вклады
|
| 610 |
1 |
|
|a денежные средства
|
| 610 |
1 |
|
|a хранение
|
| 610 |
1 |
|
|a страхование
|
| 610 |
1 |
|
|a кредитование
|
| 610 |
1 |
|
|a потребительское кредитование
|
| 610 |
1 |
|
|a жилищное кредитование
|
| 610 |
1 |
|
|a ипотечное кредитование
|
| 610 |
1 |
|
|a почтово-банковские услуги
|
| 610 |
1 |
|
|a клиенты
|
| 610 |
1 |
|
|a маркетинг
|
| 610 |
1 |
|
|a банковские услуги
|
| 610 |
1 |
|
|a сегментирование
|
| 610 |
1 |
|
|a сбытовая политика
|
| 610 |
1 |
|
|a персонал
|
| 610 |
1 |
|
|a мотивация
|
| 610 |
1 |
|
|a учебные пособия
|
| 686 |
|
|
|a У9(2)262.10я73
|v LBC/SL-A
|2 rubbk
|
| 702 |
|
1 |
|a Белоглазова
|b Г. Н.
|4 340
|
| 702 |
|
1 |
|a Кроливецкая
|b Л. П.
|4 340
|
| 801 |
|
1 |
|a RU
|b 63413507
|c 20090921
|
| 801 |
|
2 |
|a RU
|b 63413507
|c 20150731
|g RCR
|
| 900 |
|
|
|a Банковское дело
|
| 942 |
|
|
|c BK
|
| 951 |
|
|
|b 080105
|
| 959 |
|
|
|a 97/20090921
|d 2
|e 200,00
|f АНЛ:1
|f ЧЗГЛ:1
|